[Event "Champions League CAA"]
[Site "Buenos Aires ARG"]
[Date "2009.05.23"]
[Round "4"]
[White "Filgueira,H"]
[Black "Fusco,L"]
[Result "1/2-1/2"]
[WhiteElo "2355"]
[BlackElo "2419"]
[EventDate "2009.05.02"]

1. Nf3 Nf6 2. g3 g6 3. b3 Bg7 4. Bb2 d5 5. c4 O-O 6. cxd5 Nxd5 7. Bxg7 Kxg7
8. Qc1 Nc6 9. Qb2+ Kg8 10. Na3 a5 11. Bg2 a4 12. O-O Bg4 13. d4 axb3 14.
axb3 Bxf3 15. Bxf3 e6 16. e3 Qe7 17. Nc2 Ncb4 18. Nxb4 Qxb4 1/2-1/2

[Event "Champions League CAA"]
[Site "Buenos Aires ARG"]
[Date "2009.05.23"]
[Round "4"]
[White "Schweber,S"]
[Black "Cuevas,A"]
[Result "1/2-1/2"]
[WhiteElo "2349"]
[BlackElo "2244"]
[EventDate "2009.05.02"]

1. d4 Nf6 2. Nc3 c5 3. d5 d6 4. e4 g6 5. Nf3 Bg7 6. a4 Na6 7. Bf4 Nh5 8.
Be3 Nc7 9. Qd2 h6 10. h3 b6 11. Rb1 Nf6 12. Bc4 Ba6 13. Bxa6 Nxa6 14. O-O
Rb8 15. Rfd1 Nd7 16. Bf4 g5 17. Bh2 O-O 18. Qe2 Nc7 19. e5 Nxe5 20. Nxe5
dxe5 21. Bxe5 Bxe5 22. Qxe5 Qd6 23. Qxd6 exd6 24. Re1 f5 25. Nb5 Nxb5 26.
axb5 Kg7 27. Re6 Rf6 28. Rxf6 Kxf6 29. Re1 Kf7 30. f4 Re8 31. Rxe8 Kxe8 32.
Kf2 Kf7 33. Kf3 Kf6 1/2-1/2

[Event "Champions League CAA"]
[Site "Buenos Aires ARG"]
[Date "2009.05.23"]
[Round "4"]
[White "Liascovich,L"]
[Black "Quiroga,F"]
[Result "1-0"]
[WhiteElo "2440"]
[BlackElo "2329"]
[EventDate "2009.05.02"]

1. b3 g6 2. Bb2 Nf6 3. Bxf6 exf6 4. c4 Bg7 5. Nc3 d6 6. g3 h5 7. h4 Nc6 8.
Bg2 Ne5 9. d4 Ng4 10. e3 O-O 11. Nge2 c6 12. Nf4 Qa5 13. Qd2 Bh6 14. Ne4
Qd8 15. Qb4 d5 16. cxd5 cxd5 17. Nxd5 Be6 18. Nec3 Re8 19. Qxb7 Rc8 20. O-O
g5 21. hxg5 fxg5 22. Rac1 h4 23. f3 Bxd5 24. Nxd5 Rb8 25. Qa6 Re6 26. Qd3
Qxd5 27. fxg4 Qd6 28. Rc6 Qxg3 29. Rxe6 fxe6 30. Qg6+ Bg7 31. Qxe6+ Kh8 32.
Rf3 Qe1+ 1-0

[Event "Champions League CAA"]
[Site "Buenos Aires ARG"]
[Date "2009.05.23"]
[Round "4"]
[White "Ginzburg,Ma"]
[Black "Diaz Hollemaert,N"]
[Result "1/2-1/2"]
[WhiteElo "2455"]
[BlackElo "2443"]
[EventDate "2009.05.02"]

1. e4 g6 2. d4 d6 3. Nc3 c6 4. h4 Nf6 5. Be2 b5 6. a3 h6 7. Nf3 a6 8. Bf4
Nbd7 9. e5 Nh5 10. Bh2 Nb6 11. d5 c5 12. O-O Bg7 13. exd6 exd6 14. Ne4 O-O
15. Nxd6 Bg4 16. c3 Nf6 17. Nb7 Qe7 18. Re1 Rfe8 19. Qd2 Qd7 20. Rad1 Rad8
21. Qc1 c4 22. Nd4 1/2-1/2

[Event "Champions League CAA"]
[Site "Buenos Aires ARG"]
[Date "2009.06.05"]
[Round "6"]
[White "Palmiero,O"]
[Black "Blanco,Marc"]
[Result "0-1"]
[WhiteElo "2100"]
[BlackElo "2046"]
[EventDate "2009.05.02"]

1. Nc3 Nf6 2. e4 e5 3. g3 Bc5 4. Bg2 Nc6 5. d3 d6 6. Nge2 O-O 7. h3 Be6 8.
O-O a6 9. Kh2 Ne8 10. g4 Qh4 11. Ng3 Nf6 12. f3 Ne7 13. Nf5 Bxf5 14. exf5
Ned5 15. Qe1 Qxe1 16. Rxe1 Nxc3 17. bxc3 Nd5 18. Bd2 c6 19. Kg3 Rfe8 20.
Rab1 Rab8 21. c4 Nc7 22. f4 f6 23. c3 Kf8 24. fxe5 dxe5 25. d4 exd4 26.
Rxe8+ Nxe8 27. cxd4 Bxd4 28. Bf4 Be5 29. Bxe5 fxe5 30. Bxc6 b6 31. Bxe8
Kxe8 32. Re1 Kf7 33. Rxe5 0-1

[Event "Champions League CAA"]
[Site "Buenos Aires ARG"]
[Date "2009.06.05"]
[Round "6"]
[White "Gibson,T"]
[Black "Rodriguez,JL"]
[Result "0-1"]
[WhiteElo "2272"]
[BlackElo "2393"]
[EventDate "2009.05.02"]

1. d4 e6 2. Nf3 Nf6 3. c4 d5 4. Nc3 c5 5. cxd5 Nxd5 6. e4 Nxc3 7. bxc3 cxd4
8. cxd4 Bb4+ 9. Bd2 Bxd2+ 10. Qxd2 O-O 11. Bc4 Nd7 12. O-O b6 13. Qf4 Bb7
14. Rad1 Rc8 15. Bd3 Qf6 16. Qg3 Rc3 17. Rfe1 Qg6 18. Qd6 Nf6 19. Ne5 Qg5
20. Re3 Bxe4 21. Nf3 Bxf3 22. Rxf3 Rc1 23. Rxc1 Qxc1+ 24. Bf1 Ne4 25. Qa3
Qe1 26. Qa6 Nd2 27. Re3 Qc1 28. g3 Rd8 0-1

[Event "Champions League CAA"]
[Site "Buenos Aires ARG"]
[Date "2009.06.05"]
[Round "6"]
[White "Villanueva,Mar"]
[Black "Glinz,G"]
[Result "1-0"]
[WhiteElo "2311"]
[BlackElo "2060"]
[EventDate "2009.05.02"]

1. e4 e6 2. d4 d5 3. Nd2 Nf6 4. e5 Nfd7 5. Bd3 c5 6. c3 Nc6 7. Ne2 Qb6 8.
Nf3 Be7 9. O-O O-O 10. Nf4 cxd4 11. cxd4 g6 12. Be3 Qxb2 13. h4 Re8 14. h5
g5 15. Nxg5 Bxg5 16. Qg4 h6 17. Nh3 f5 18. exf6 Nxf6 19. Qg3 Nxh5 20. Qf3
Ng7 21. Nxg5 hxg5 22. Qh3 Kf7 23. Qh7 Rg8 24. Qg6+ Kf8 25. Qf6+ Ke8 26.
Bg6+ Kd7 27. Bf7 Ne8 28. Qh6 Ne7 29. Bxe6+ Kd8 30. Bxg8 Nxg8 31. Bxg5+ 1-0

[Event "Champions League CAA"]
[Site "Buenos Aires ARG"]
[Date "2009.06.05"]
[Round "6"]
[White "Fernandez,Jos1"]
[Black "Fusco,L"]
[Result "0-1"]
[WhiteElo "2117"]
[BlackElo "2419"]
[EventDate "2009.05.02"]

1. e4 c5 2. Nf3 d6 3. d4 cxd4 4. Nxd4 Nf6 5. Nc3 a6 6. Bg5 e6 7. f4 Qc7 8.
Qf3 b5 9. e5 Bb7 10. Qh3 dxe5 11. Nxe6 fxe6 12. Qxe6+ Qe7 13. Qh3 exf4+ 14.
Be2 Qe3 15. Qh4 Be7 16. Bxf4 Qc5 17. Qg3 O-O 18. O-O-O Ne4 19. Nxe4 Bxe4
20. Qb3+ Kh8 21. Rhf1 Nc6 22. Be3 Bg5 23. Bxg5 Qxg5+ 24. Kb1 Qxg2 25. Qe3
Bg6 26. Rxf8+ Rxf8 27. Qc5 Qf2 28. Qd6 Qf6 29. Qc5 Qf2 30. Qd6 Bxc2+ 31.
Kxc2 Qxe2+ 32. Kb1 Rf1 33. Rxf1 Qxf1+ 34. Kc2 Qg2+ 0-1

[Event "Champions League CAA"]
[Site "Buenos Aires ARG"]
[Date "2009.06.19"]
[Round "8"]
[White "Blit,J"]
[Black "Varela,G"]
[Result "1-0"]
[WhiteElo "2307"]
[BlackElo "2323"]
[EventDate "2009.05.02"]

1. e4 c5 2. Nf3 e6 3. g3 d5 4. e5 Nc6 5. Bg2 g5 6. h3 Bg7 7. Qe2 Qc7 8.
Nxg5 Qxe5 9. Qxe5 Nxe5 10. d3 Ne7 11. Nc3 Bd7 12. Bd2 Bc6 13. O-O-O h6 14.
Nf3 Kd7 15. Rhe1 Nxf3 16. Bxf3 b5 17. Ne2 e5 18. g4 Kd6 19. Ng3 Bf6 20. Bg2
Bg5 21. c4 f6 22. Nh5 Raf8 23. f4 Bh4 24. Re2 bxc4 25. dxc4 d4 26. Bxc6
Nxc6 27. Be1 Bxe1 28. Rdxe1 Nb4 29. Kd2 Rf7 30. Nxf6 exf4 31. Re6+ Kc7 32.
Ne4 h5 33. g5 f3 34. g6 Rf5 35. Rf6 Re5 36. g7 Rg8 37. Rf7+ Kb6 38. Nf6
Rxe1 39. Kxe1 Nc2+ 40. Kd2 Rxg7 41. Rxg7 f2 42. Nd5+ 1-0

[Event "Champions League CAA"]
[Site "Buenos Aires ARG"]
[Date "2009.06.19"]
[Round "8"]
[White "Della Morte,G"]
[Black "Villanueva,Mar"]
[Result "0-1"]
[WhiteElo "2383"]
[BlackElo "2311"]
[EventDate "2009.05.02"]

1. e4 e5 2. Nf3 Nf6 3. Nxe5 d6 4. Nf3 Nxe4 5. Nc3 Nxc3 6. dxc3 Be7 7. Bf4
Nc6 8. Qd2 Be6 9. O-O-O Qd7 10. Ng5 Bxg5 11. Bxg5 f6 12. Be3 O-O-O 13. b3
Rhe8 14. h3 Kb8 15. Be2 Bf5 16. Rhe1 Qf7 17. c4 Bc8 18. Qc3 b6 19. Kb2 Ne7
20. Bf1 Nf5 21. Bf4 Rxe1 22. Rxe1 Re8 23. Rxe8 Qxe8 24. Qd3 Qe1 25. Qe2
Qxe2 26. Bxe2 Nh4 27. Bf1 Bb7 28. f3 Kc8 29. Kc3 Kd7 30. Bg3 Nf5 31. Bf2 h5
32. Be2 g5 33. b4 c5 34. a4 h4 35. a5 Ne7 36. b5 bxa5 37. Kb3 Nc8 38. Be1
Ke6 39. Bxa5 Nb6 40. Bd2 Nd7 41. Be3 Ne5 42. Ka4 Ng6 43. Ka5 Ke5 44. b6
axb6+ 45. Kxb6 Bc8 46. Kc6 Bf5 47. c3 Ke6 48. Kc7 Bc2 49. Bf1 Bb3 50. Kc6
Ne5+ 51. Kb6 Kf5 52. Be2 Bc2 53. Bd2 Bd3 54. Bxd3+ Nxd3 55. Kc6 Ke6 56. Kc7
Ne5 57. f4 Nxc4 58. Bc1 gxf4 59. Bxf4 Ne5 60. g3 hxg3 61. Bxg3 d5 62. Bf2
c4 63. h4 Ng4 64. Bd4 f5 65. h5 f4 66. Kc6 f3 67. Kc5 f2 68. Bxf2 Nxf2 69.
h6 Ne4+ 70. Kc6 Nf6 71. Kc5 Ke5 72. Kb6 Nh7 73. Kb5 Ke4 74. Kc5 d4 0-1

[Event "Champions League CAA"]
[Site "Buenos Aires ARG"]
[Date "2009.06.19"]
[Round "8"]
[White "Fernandez,Jos1"]
[Black "Gimenez,S"]
[Result "1-0"]
[WhiteElo "2117"]
[BlackElo "2112"]
[EventDate "2009.05.02"]

1. e4 c5 2. Nf3 d6 3. d4 cxd4 4. Nxd4 Nf6 5. Nc3 a6 6. Bg5 e6 7. f4 Be7 8.
Qf3 Qc7 9. O-O-O Nbd7 10. Bd3 h6 11. Bh4 g5 12. e5 gxh4 13. exf6 Nxf6 14.
Rhe1 Bd7 15. f5 e5 16. Qe2 O-O-O 17. Nf3 Bc6 18. Nd2 Rhe8 19. Qf2 d5 20.
Qa7 Bd6 21. Nb3 e4 22. Bf1 Bxh2 23. Nc5 Bg3 24. N3a4 Nd7 25. Nxa6 bxa6 26.
Bxa6+ Bb7 27. Rxd5 Bxe1 28. Rb5 Qb8 29. Bxb7+ Kc7 30. Qa6 Rc8 31. Bxc8 Qxc8
32. Qa7+ Kd8 33. Nc5 e3 34. Nb7+ Ke7 35. Qxe3+ Kf8 36. Qxh6+ Kg8 1-0

[Event "Champions League CAA"]
[Site "Buenos Aires ARG"]
[Date "2009.06.19"]
[Round "8"]
[White "Restuccia,F"]
[Black "Cuevas,A"]
[Result "1/2-1/2"]
[WhiteElo "2114"]
[BlackElo "2244"]
[EventDate "2009.05.02"]

1. e4 g6 2. d4 Bg7 3. Nc3 c6 4. Bc4 d6 5. Qf3 e6 6. Nge2 h6 7. Qg3 d5 8.
Bd3 Nd7 9. h4 e5 10. exd5 exd4 11. Ne4 Ne5 12. Bf4 Qxd5 13. O-O Ne7 14. c4
dxc3 15. N2xc3 Qxd3 16. Bxe5 Qxg3 17. Nd6+ Kf8 18. Bxg3 Nf5 19. Rae1 Bd4
20. Re8+ Kg7 21. Rxh8 Kxh8 1/2-1/2

[Event "Champions League CAA"]
[Site "Buenos Aires ARG"]
[Date "2009.06.19"]
[Round "8"]
[White "Rodriguez,JL"]
[Black "Fusco,L"]
[Result "1/2-1/2"]
[WhiteElo "2393"]
[BlackElo "2419"]
[EventDate "2009.05.02"]

1. Nf3 Nf6 2. c4 g6 3. Nc3 d5 4. cxd5 Nxd5 5. e4 Nxc3 6. dxc3 Qxd1+ 7. Kxd1
f6 8. Bc4 e5 9. Be3 Nd7 10. Kc2 Bc5 11. Bh6 Bf8 12. Bd2 Nc5 13. Rhe1 Be6
14. Bxe6 Nxe6 15. a4 Bc5 16. b4 Be7 17. a5 a6 18. Reb1 c6 19. Be3 Rf8 20.
Nd2 Bd6 21. f3 Bc7 22. Nc4 Rf7 23. Rf1 Rd8 24. Rae1 Kf8 25. g3 Kg7 26. f4
exf4 27. gxf4 Re8 28. Rd1 Nf8 29. e5 fxe5 30. fxe5 Rxf1 1/2-1/2